| 000 | 00839nam a2200241 i 4500 | ||
|---|---|---|---|
| 001 | 14273 | ||
| 003 | ES-MaACL | ||
| 005 | 20230906150749.0 | ||
| 007 | t| | ||
| 008 | 981125s1990 xxu ||||1| eng d | ||
| 020 | _a0-226-89914-4 | ||
| 080 | _a821.111.08 | ||
| 100 | 1 |
_aWilliams, Joseph M. _9116937 |
|
| 245 | 1 | 0 |
_aStyle _b: toward clarity and grace / _cJoseph M. Williams ; with two chapters coauthored by Gregory G. Colomb. |
| 260 |
_aChicago : _bThe University of Chicago Press, _c[1990] |
||
| 300 |
_aXVII, 208 p. ; _c22 cm. |
||
| 490 | 1 | _aChicago guides to writing, editing and publishing | |
| 650 | 1 | 4 |
_aLengua inglesa- _xRedacción. _914285 |
| 700 | 1 |
_aColomb, Gregory G. _939812 |
|
| 830 | 0 |
_aChicago guides to writing, editing and publishing _9228498 |
|
| 852 |
_aES-MaACL _jL-21531 _bR.119677 |
||
| 999 |
_c14273 _d14273 |
||